000
00249nam a22000977a 4500
008
160512b xxu||||| |||| 00| 0 eng d
041
_a
eng
080
_a
579
245
_a
Mikrobiologjia veterinare:
_c
Pranvera Çabeli Kusi; Vasil Tola;
942
_2
udc
_c
BK
999
_c
2088
_d
2088